000 01328nam2a22002531 4500
001 v19\rc\1569542
005 20250620065042.0
035 _a(NLR Aleph) 005216095
090 _a5458665
_c5458665
100 _a20061002d1892 |||y0rusy50 ca
101 0 _arus
102 _aRU
105 _ay z |||||
200 1 _aПреступные деяния обще-служебные и общие
210 _aСанкт-Петербург
_cизд. поручик Александров
_d[1892]
215 _a79 с.
461 0 _1001v19\rc\1569538
_12001#$aВоенно-уголовное право$eПо лекциям, чит. в 1891-92 г. проф. В.Д. Кузьминым-Караваевым. Ч. [1-5]$v[4]. Часть особенная
_95458630
_aКузьмин-Караваев, В. Д. (1859-1927)
_cСанкт-Петербург
_d[1892]
_nизд. поручик Александров
_oПо лекциям, чит. в 1891-92 г. проф. В.Д. Кузьминым-Караваевым. Ч. [1-5]
_p5 т.
_tВоенно-уголовное право
_v[4]. Часть особенная
801 0 _aRU
_bNLR
_c20061002
_gpsbo
801 0 _aRU
_bRuMoRGB
_c20061002
_2psbo
801 1 _aRU
_bProSoft-M
_c20061002
_2rusmarc
801 2 _aRU
_bNLR
_c20070206
_2rusmarc
852 _aNLR
_j20.95.1.30(4)
942 _cBOOK
980 _aNB